[Event "Russian Blitz Team Championship (w)"]
[Site "Sochi"]
[Date "2022.10.17"]
[Round "7.12"]
[White "Borisova, Ekaterina"]
[Black "Yurasova, Daria"]
[Result "1-0"]
[BlackElo "2044"]
[WhiteElo "2134"]
[LiveChessVersion "1.4.8"]

1. Nf3 {[%clk 0:03:03]} Nf6 {[%clk 0:03:03]} 2. g3 {[%clk 0:03:04]} b6
{[%clk 0:03:05]} 3. Bg2 {[%clk 0:03:05]} Bb7 {[%clk 0:03:06]} 4. c4
{[%clk 0:03:05]} c5 {[%clk 0:03:07]} 5. O-O {[%clk 0:03:04]} e6 {[%clk 0:03:08]}
6. d4 {[%clk 0:03:01]} cxd4 {[%clk 0:03:05]} 7. Qxd4 {[%clk 0:03:01]} d6
{[%clk 0:03:02]} 8. Nc3 {[%clk 0:02:57]} Be7 {[%clk 0:03:02]} 9. b3
{[%clk 0:02:54]} O-O {[%clk 0:03:02]} 10. Ba3 {[%clk 0:02:53]} Nc6
{[%clk 0:02:33]} 11. Qf4 {[%clk 0:02:51]} d5 {[%clk 0:02:24]} 12. Bxe7
{[%clk 0:02:47]} Nxe7 {[%clk 0:02:25]} 13. Rfd1 {[%clk 0:02:35]} Qb8
{[%clk 0:02:23]} 14. Qxb8 {[%clk 0:02:16]} Raxb8 {[%clk 0:02:23]} 15. Ne5
{[%clk 0:02:08]} Rfd8 {[%clk 0:02:17]} 16. Rac1 {[%clk 0:01:58]} Rbc8
{[%clk 0:02:05]} 17. Nb5 {[%clk 0:01:43]} a6 {[%clk 0:01:56]} 18. Nd4
{[%clk 0:01:42]} h6 {[%clk 0:01:38]} 19. e3 {[%clk 0:01:32]} Ba8 {[%clk 0:01:37]}
20. Bf1 {[%clk 0:01:26]} dxc4 {[%clk 0:01:33]} 21. Nxc4 {[%clk 0:01:25]} Rb8
{[%clk 0:01:27]} 22. Ne5 {[%clk 0:01:25]} b5 {[%clk 0:01:09]} 23. Nd3
{[%clk 0:01:09]} Rbc8 {[%clk 0:00:46]} 24. b4 {[%clk 0:00:59]} Ned5
{[%clk 0:00:39]} 25. Bg2 {[%clk 0:00:17]} Nc3 {[%clk 0:00:27]} 26. Rd2
{[%clk 0:00:17]} Bxg2 27. Kxg2 {[%clk 0:00:18]} Ncd5 {[%clk 0:00:05]} 28. Rdc2
{[%clk 0:00:14]} Nb6 {[%clk 0:00:06]} 29. Ne5 {[%clk 0:00:10]} Nfd5
{[%clk 0:00:04]} 30. Nec6 {[%clk 0:00:09]} Re8 {[%clk 0:00:05]} 31. a3
{[%clk 0:00:09]} Kh7 {[%clk 0:00:06]} 32. e4 {[%clk 0:00:10]} Nf6
{[%clk 0:00:06]} 33. f3 {[%clk 0:00:11]} Nc4 {[%clk 0:00:08]} 34. Rc3
{[%clk 0:00:10]} e5 {[%clk 0:00:08]} 35. Nxe5 {[%clk 0:00:04]} Rxe5
{[%clk 0:00:10]} 36. Nb3 {[%clk 0:00:03]} Nd7 {[%clk 0:00:08]} 37. Na5
{[%clk 0:00:04]} Ndb6 {[%clk 0:00:08]} 38. Kf2 {[%clk 0:00:04]} Re7
{[%clk 0:00:09]} 39. h4 {[%clk 0:00:05]} Rec7 {[%clk 0:00:11]} 40. Nxc4
{[%clk 0:00:04]} Rxc4 {[%clk 0:00:10]} 41. Rxc4 {[%clk 0:00:05]} Rxc4
{[%clk 0:00:10]} 42. Ra1 {[%clk 0:00:06]} Rc3 {[%clk 0:00:10]} 43. f4
{[%clk 0:00:06]} Rb3 {[%clk 0:00:08]} 44. e5 {[%clk 0:00:06]} g6 {[%clk 0:00:06]}
45. h5 {[%clk 0:00:07]} Kg7 {[%clk 0:00:04]} 46. hxg6 {[%clk 0:00:07]} Kxg6 47.
g4 {[%clk 0:00:08]} Nc4 {[%clk 0:00:05]} 48. Rd1 {[%clk 0:00:08]} Rxa3
{[%clk 0:00:05]} 49. Rd5 {[%clk 0:00:06]} Ra2+ {[%clk 0:00:06]} 50. Kg3
{[%clk 0:00:06]} Ra3+ {[%clk 0:00:06]} 51. Kf2 {[%clk 0:00:05]} Ra2+
{[%clk 0:00:06]} 52. Kg3 {[%clk 0:00:06]} Rd2 {[%clk 0:00:07]} 53. Rc5
{[%clk 0:00:07]} Rd3+ {[%clk 0:00:05]} 54. Kf2 {[%clk 0:00:07]} Rd7
{[%clk 0:00:04]} 55. Rc6+ {[%clk 0:00:08]} Kg7 {[%clk 0:00:06]} 56. Rxa6
{[%clk 0:00:07]} Rd4 {[%clk 0:00:05]} 57. Kf3 {[%clk 0:00:07]} Nb2
{[%clk 0:00:05]} 58. Ra7 {[%clk 0:00:06]} Kf8 {[%clk 0:00:05]} 59. f5
{[%clk 0:00:06]} Rxb4 {[%clk 0:00:05]} 60. f6 {[%clk 0:00:07]} Kg8
{[%clk 0:00:05]} 61. Ra8+ {[%clk 0:00:08]} Kh7 {[%clk 0:00:06]} 62. Rf8
{[%clk 0:00:09]} Nc4 {[%clk 0:00:05]} 63. Rxf7+ {[%clk 0:00:09]} Kh8
{[%clk 0:00:05]} 64. Rf8+ {[%clk 0:00:08]} Kh7 {[%clk 0:00:07]} 65. Rf7+
{[%clk 0:00:09]} Kg8 {[%clk 0:00:08]} 66. Rg7+ {[%clk 0:00:09]} Kf8
{[%clk 0:00:09]} 67. e6 {[%clk 0:00:10]} Nd6 {[%clk 0:00:06]} 68. e7+
{[%clk 0:00:09]} Ke8 {[%clk 0:00:07]} 69. Rg8+ {[%clk 0:00:09]} Kd7
{[%clk 0:00:07]} 70. Rd8+ {[%clk 0:00:09]} 1-0

[Event "Russian Blitz Team Championship (w)"]
[Site "Sochi"]
[Date "2022.10.17"]
[Round "8.1"]
[White "Pogonina, Natalija"]
[Black "Gvanceladze, Anna"]
[Result "0-1"]
[BlackElo "2038"]
[WhiteElo "2332"]
[LiveChessVersion "1.4.8"]

1. d4 {[%clk 0:03:02]} d5 {[%clk 0:03:04]} 2. Nf3 {[%clk 0:03:02]} Nf6
{[%clk 0:03:05]} 3. g3 {[%clk 0:03:02]} Bf5 {[%clk 0:03:05]} 4. Bg2
{[%clk 0:03:03]} e6 {[%clk 0:03:06]} 5. O-O {[%clk 0:03:01]} Be7 {[%clk 0:03:06]}
6. c4 {[%clk 0:02:59]} c6 {[%clk 0:03:07]} 7. Nc3 {[%clk 0:02:52]} h6
{[%clk 0:03:08]} 8. b3 {[%clk 0:02:52]} Nbd7 {[%clk 0:03:08]} 9. Bb2
{[%clk 0:02:52]} O-O {[%clk 0:03:08]} 10. Nd2 {[%clk 0:02:52]} a5
{[%clk 0:03:05]} 11. a3 {[%clk 0:02:38]} Qb6 {[%clk 0:02:56]} 12. Rc1
{[%clk 0:02:16]} Rfd8 {[%clk 0:02:52]} 13. Na4 {[%clk 0:02:02]} Qa7
{[%clk 0:02:44]} 14. e3 {[%clk 0:02:01]} b5 {[%clk 0:02:38]} 15. cxb5
{[%clk 0:02:00]} cxb5 {[%clk 0:02:40]} 16. Nc3 {[%clk 0:01:57]} Bd3
{[%clk 0:02:20]} 17. Re1 {[%clk 0:01:58]} b4 {[%clk 0:02:18]} 18. axb4
{[%clk 0:01:56]} axb4 {[%clk 0:02:19]} 19. Na4 {[%clk 0:01:52]} Bb5
{[%clk 0:02:14]} 20. Ra1 {[%clk 0:01:52]} Qc7 {[%clk 0:01:57]} 21. e4
{[%clk 0:01:50]} Bxa4 {[%clk 0:01:53]} 22. bxa4 {[%clk 0:01:50]} Nb6
{[%clk 0:01:53]} 23. exd5 {[%clk 0:01:34]} Nbxd5 {[%clk 0:01:49]} 24. Qb3
{[%clk 0:01:32]} Rdc8 {[%clk 0:01:37]} 25. Rec1 {[%clk 0:01:31]} Qb7
{[%clk 0:01:36]} 26. Rxc8+ {[%clk 0:01:27]} Rxc8 {[%clk 0:01:36]} 27. a5
{[%clk 0:01:25]} Qa6 {[%clk 0:01:31]} 28. Bf1 {[%clk 0:01:23]} Qa7
{[%clk 0:01:30]} 29. a6 {[%clk 0:01:22]} Nd7 {[%clk 0:01:22]} 30. Nf3
{[%clk 0:01:14]} Bd6 {[%clk 0:01:13]} 31. Nd2 {[%clk 0:01:11]} Nb8
{[%clk 0:01:14]} 32. Ne4 {[%clk 0:01:10]} Be7 {[%clk 0:01:14]} 33. Qa4
{[%clk 0:01:03]} Rc6 {[%clk 0:01:05]} 34. Bb5 {[%clk 0:00:53]} Rb6
{[%clk 0:00:50]} 35. Nc5 {[%clk 0:00:50]} Nc7 {[%clk 0:00:45]} 36. Bf1
{[%clk 0:00:48]} Rc6 {[%clk 0:00:16]} 37. Qxb4 {[%clk 0:00:30]} Nbxa6
{[%clk 0:00:14]} 38. Qa5 {[%clk 0:00:29]} Bxc5 {[%clk 0:00:11]} 39. dxc5
{[%clk 0:00:27]} Rxc5 {[%clk 0:00:06]} 40. Qa3 {[%clk 0:00:25]} Rc2 41. Be5
{[%clk 0:00:08]} Qxf2+ {[%clk 0:00:07]} 0-1

[Event "Russian Blitz Team Championship (w)"]
[Site "Sochi"]
[Date "2022.10.17"]
[Round "8.2"]
[White "Miroshnik, Ekaterina"]
[Black "Girya, Olga"]
[Result "0-1"]
[BlackElo "2298"]
[WhiteElo "2011"]
[LiveChessVersion "1.4.8"]

1. d4 {[%clk 0:03:02]} Nf6 {[%clk 0:03:03]} 2. Nf3 {[%clk 0:03:04]} d5
{[%clk 0:03:04]} 3. e3 {[%clk 0:03:05]} e6 {[%clk 0:03:05]} 4. Bd3
{[%clk 0:03:06]} Be7 {[%clk 0:03:06]} 5. O-O {[%clk 0:03:07]} O-O
{[%clk 0:03:07]} 6. b3 {[%clk 0:03:08]} b6 {[%clk 0:03:06]} 7. Bb2
{[%clk 0:03:09]} Nbd7 {[%clk 0:03:06]} 8. c4 {[%clk 0:03:10]} Bb7
{[%clk 0:03:04]} 9. cxd5 {[%clk 0:03:10]} exd5 {[%clk 0:02:58]} 10. Nc3
{[%clk 0:03:11]} a5 {[%clk 0:02:48]} 11. Rc1 {[%clk 0:03:10]} Re8
{[%clk 0:02:44]} 12. Ne5 {[%clk 0:02:44]} c5 {[%clk 0:02:38]} 13. Ne2
{[%clk 0:02:38]} a4 {[%clk 0:02:17]} 14. Bb5 {[%clk 0:02:09]} axb3
{[%clk 0:02:07]} 15. axb3 {[%clk 0:02:08]} Ra5 {[%clk 0:01:59]} 16. Bxd7
{[%clk 0:01:35]} Nxd7 {[%clk 0:01:59]} 17. Nxd7 {[%clk 0:01:35]} Qxd7
{[%clk 0:02:00]} 18. dxc5 {[%clk 0:01:36]} bxc5 {[%clk 0:01:53]} 19. Nf4
{[%clk 0:01:36]} Qf5 {[%clk 0:01:40]} 20. Nd3 {[%clk 0:00:53]} Ba6
{[%clk 0:01:32]} 21. Nf4 {[%clk 0:00:32]} Bxf1 {[%clk 0:01:30]} 22. Kxf1
{[%clk 0:00:17]} d4 {[%clk 0:01:26]} 23. Qd3 {[%clk 0:00:12]} Qxd3+
{[%clk 0:01:23]} 24. Nxd3 {[%clk 0:00:13]} dxe3 {[%clk 0:01:24]} 25. fxe3
{[%clk 0:00:13]} Ra2 {[%clk 0:01:21]} 26. Bc3 {[%clk 0:00:09]} Bg5
{[%clk 0:01:19]} 27. Rd1 {[%clk 0:00:08]} Bxe3 {[%clk 0:01:11]} 28. Re1
{[%clk 0:00:06]} Re6 {[%clk 0:01:09]} 29. Rd1 {[%clk 0:00:06]} h6
{[%clk 0:01:09]} 30. h3 {[%clk 0:00:06]} Ra3 {[%clk 0:01:04]} 31. Rb1
{[%clk 0:00:06]} Rb6 {[%clk 0:00:58]} 32. Ke2 {[%clk 0:00:05]} Rbxb3
{[%clk 0:00:47]} 33. Rxb3 {[%clk 0:00:04]} Rxb3 {[%clk 0:00:48]} 34. Be5
{[%clk 0:00:04]} Bd4 {[%clk 0:00:41]} 35. Bxd4 {[%clk 0:00:04]} cxd4
{[%clk 0:00:42]} 0-1

[Event "Russian Blitz Team Championship (w)"]
[Site "Sochi"]
[Date "2022.10.17"]
[Round "8.3"]
[White "Garifullina, Leya"]
[Black "Kirchei, Viktoriia"]
[Result "1-0"]
[BlackElo "1970"]
[WhiteElo "2267"]
[LiveChessVersion "1.4.8"]

1. e4 {[%clk 0:03:03]} e5 {[%clk 0:03:03]} 2. Nf3 {[%clk 0:03:04]} Nc6
{[%clk 0:03:04]} 3. Bb5 {[%clk 0:03:06]} a6 {[%clk 0:03:05]} 4. Ba4
{[%clk 0:03:07]} Nf6 {[%clk 0:03:06]} 5. O-O {[%clk 8:03:08]} b5 6. Bb3 Be7
{[%clk 0:03:08]} 7. Re1 {[%clk 0:03:10]} d6 {[%clk 0:03:09]} 8. c3
{[%clk 0:03:10]} O-O {[%clk 0:03:09]} 9. h3 {[%clk 0:03:11]} Na5 {[%clk 0:02:59]}
10. Bc2 {[%clk 0:03:12]} c5 {[%clk 0:02:59]} 11. d4 {[%clk 0:03:13]} Nd7
{[%clk 0:02:57]} 12. Nbd2 {[%clk 0:03:06]} Qc7 {[%clk 0:02:38]} 13. d5
{[%clk 0:03:01]} c4 {[%clk 0:02:38]} 14. Nf1 {[%clk 0:02:48]} Nb6
{[%clk 0:02:37]} 15. Bd2 {[%clk 0:02:42]} Nb7 {[%clk 0:02:05]} 16. Ne3
{[%clk 0:02:13]} Nc5 {[%clk 0:02:03]} 17. b4 {[%clk 0:02:08]} Nb7
{[%clk 0:01:39]} 18. a4 bxa4 {[%clk 0:01:36]} 19. Bxa4 {[%clk 0:01:50]} Nxa4
{[%clk 0:01:36]} 20. Rxa4 {[%clk 0:01:47]} Bd7 {[%clk 0:01:28]} 21. Ra1
{[%clk 0:01:45]} a5 {[%clk 0:01:28]} 22. Qe2 {[%clk 0:01:38]} Bb5
{[%clk 0:01:15]} 23. bxa5 {[%clk 0:01:33]} Nxa5 {[%clk 0:01:16]} 24. Rab1
{[%clk 0:01:34]} Rfb8 {[%clk 0:01:08]} 25. Rb4 {[%clk 0:01:33]} Ba6
{[%clk 0:00:38]} 26. Reb1 {[%clk 0:01:30]} Nb3 {[%clk 0:00:32]} 27. Rxb8+
{[%clk 0:01:20]} Rxb8 {[%clk 0:00:32]} 28. Qd1 {[%clk 0:01:13]} h6
{[%clk 0:00:27]} 29. Be1 {[%clk 0:01:12]} Qc5 {[%clk 0:00:23]} 30. Nd2
{[%clk 0:01:11]} Bg5 {[%clk 0:00:15]} 31. Nf5 {[%clk 0:01:01]} Bxd2
{[%clk 0:00:14]} 32. Bxd2 {[%clk 0:01:01]} Rb5 {[%clk 0:00:13]} 33. Be3
{[%clk 0:00:56]} Qa3 {[%clk 0:00:08]} 34. Qg4 {[%clk 0:00:56]} g6
{[%clk 0:00:08]} 35. Nxh6+ {[%clk 0:00:56]} Kg7 {[%clk 0:00:07]} 36. Nf5+
{[%clk 0:00:47]} Kg8 {[%clk 0:00:05]} 37. Qg5 {[%clk 0:00:47]} Qa2
{[%clk 0:00:04]} 38. Rf1 {[%clk 0:00:47]} Rb8 {[%clk 0:00:04]} 39. Nxd6
{[%clk 0:00:47]} Qa3 {[%clk 0:00:04]} 40. Qxe5 {[%clk 0:00:41]} Nc5
{[%clk 0:00:03]} 41. Qe7 {[%clk 0:00:39]} Nb7 {[%clk 0:00:03]} 42. Qxf7+
{[%clk 0:00:40]} 1-0

[Event "Russian Blitz Team Championship (w)"]
[Site "Sochi"]
[Date "2022.10.17"]
[Round "8.4"]
[White "Petrova, Elizaveta"]
[Black "Guseva, Marina"]
[Result "1/2-1/2"]
[BlackElo "2273"]
[WhiteElo "1922"]
[LiveChessVersion "1.4.8"]

1. d4 {[%clk 0:03:03]} Nf6 2. Nf3 e6 {[%clk 0:03:03]} 3. Bf4 {[%clk 0:03:04]} d5
{[%clk 0:03:03]} 4. e3 {[%clk 0:03:06]} c5 5. c3 Nc6 {[%clk 0:03:02]} 6. Nbd2
{[%clk 0:03:07]} Be7 {[%clk 0:03:02]} 7. Bd3 {[%clk 0:03:08]} Nh5
{[%clk 0:02:56]} 8. Bg3 {[%clk 0:03:09]} Qb6 {[%clk 0:02:28]} 9. Rb1
{[%clk 0:03:04]} Bd7 {[%clk 0:02:23]} 10. O-O {[%clk 0:03:02]} Nxg3
{[%clk 0:02:23]} 11. hxg3 {[%clk 0:03:03]} O-O {[%clk 0:02:20]} 12. Qe2
{[%clk 0:02:58]} cxd4 {[%clk 0:01:52]} 13. exd4 {[%clk 0:03:00]} Qc7
{[%clk 0:01:47]} 14. Rfe1 {[%clk 0:02:51]} h6 {[%clk 0:01:42]} 15. Nf1
{[%clk 0:02:44]} a6 {[%clk 0:01:41]} 16. Ne3 {[%clk 0:02:40]} Rfe8
{[%clk 0:01:34]} 17. Ng4 {[%clk 0:02:41]} b5 {[%clk 0:01:29]} 18. Bc2
{[%clk 0:02:42]} Bf8 {[%clk 0:01:13]} 19. Qd3 {[%clk 0:02:42]} f5
{[%clk 0:01:14]} 20. Nge5 {[%clk 0:02:40]} Nxe5 {[%clk 0:01:14]} 21. Nxe5
{[%clk 0:02:42]} Bd6 {[%clk 0:01:07]} 22. Bd1 {[%clk 0:02:33]} Rf8
{[%clk 0:01:07]} 23. Bh5 {[%clk 0:02:24]} Be8 {[%clk 0:01:04]} 24. Bf3
{[%clk 0:02:08]} Rc8 {[%clk 0:01:00]} 25. a3 {[%clk 0:02:08]} Qb6
{[%clk 0:00:55]} 26. Qe2 {[%clk 0:02:07]} Rf6 {[%clk 0:00:55]} 27. Nd3
{[%clk 0:02:00]} Bf7 {[%clk 0:00:53]} 28. Bh5 {[%clk 0:01:55]} g6
{[%clk 0:00:52]} 29. Bf3 {[%clk 0:01:56]} a5 {[%clk 0:00:47]} 30. Qd2
{[%clk 0:01:57]} Kg7 {[%clk 0:00:47]} 31. Ra1 {[%clk 0:01:51]} Bg8
{[%clk 0:00:46]} 32. Nf4 {[%clk 0:01:46]} Bxf4 {[%clk 0:00:37]} 33. Qxf4
{[%clk 0:01:46]} Qc7 {[%clk 0:00:37]} 34. Qxc7+ {[%clk 0:01:36]} Rxc7
{[%clk 0:00:38]} 35. Be2 {[%clk 0:01:37]} Rb7 {[%clk 0:00:39]} 36. Bd3
{[%clk 0:01:34]} Rf8 {[%clk 0:00:40]} 37. Kf1 {[%clk 0:01:29]} Kf6
{[%clk 0:00:41]} 38. f4 {[%clk 0:01:30]} Bf7 {[%clk 0:00:42]} 39. Ke2
{[%clk 0:01:31]} Rc8 {[%clk 0:00:41]} 40. Kd2 {[%clk 0:01:33]} h5
{[%clk 0:00:41]} 41. b4 {[%clk 0:01:28]} a4 {[%clk 0:00:41]} 42. Be2
{[%clk 0:01:21]} Be8 {[%clk 0:00:42]} 43. Bf3 {[%clk 0:01:20]} Bd7
{[%clk 0:00:42]} 44. Re3 {[%clk 0:01:20]} Rbc7 {[%clk 0:00:43]} 45. Rh1
{[%clk 0:01:20]} Rg8 {[%clk 0:00:42]} 46. Rc1 {[%clk 0:01:14]} Rh8
{[%clk 0:00:42]} 47. Rh1 {[%clk 0:01:15]} Rg8 {[%clk 0:00:44]} 48. Rc1
{[%clk 0:01:16]} Rh8 {[%clk 0:00:44]} 49. Rh1 {[%clk 0:01:17]} Rg8 50. Rc1 Rh8
{[%clk 0:00:46]} 1/2-1/2

[Event "Russian Blitz Team Championship (w)"]
[Site "Sochi"]
[Date "2022.10.17"]
[Round "8.5"]
[White "Shuvalova, Polina"]
[Black "Maletina, Tatiana"]
[Result "1-0"]
[BlackElo "2184"]
[WhiteElo "2392"]
[LiveChessVersion "1.4.8"]

1. d4 {[%clk 0:03:03]} e6 {[%clk 0:03:03]} 2. Nf3 {[%clk 0:03:03]} f5
{[%clk 0:03:04]} 3. g3 {[%clk 0:02:59]} Nf6 {[%clk 0:03:05]} 4. Bg2
{[%clk 0:03:00]} d5 {[%clk 0:03:07]} 5. Bf4 {[%clk 0:02:59]} c6 {[%clk 0:03:07]}
6. O-O {[%clk 0:02:58]} Be7 {[%clk 0:03:08]} 7. c4 {[%clk 0:02:56]} O-O
{[%clk 0:03:08]} 8. Nbd2 {[%clk 0:02:49]} Nh5 {[%clk 0:03:03]} 9. Be5
{[%clk 0:02:38]} Nd7 {[%clk 0:03:04]} 10. e3 {[%clk 0:02:38]} Nxe5
{[%clk 0:03:02]} 11. Nxe5 {[%clk 0:02:38]} Nf6 {[%clk 0:03:02]} 12. a3
{[%clk 0:02:36]} Bd7 {[%clk 0:03:00]} 13. Rc1 {[%clk 0:02:33]} Be8
{[%clk 0:03:00]} 14. Qc2 {[%clk 0:02:31]} Ne4 {[%clk 0:02:56]} 15. f3
{[%clk 0:02:17]} Nd6 {[%clk 0:02:57]} 16. c5 {[%clk 0:02:15]} Nf7
{[%clk 0:02:58]} 17. Nxf7 {[%clk 0:02:11]} Bxf7 {[%clk 0:02:53]} 18. f4
{[%clk 0:02:12]} Bf6 {[%clk 0:02:50]} 19. Nf3 {[%clk 0:02:12]} a6
{[%clk 0:02:47]} 20. b4 {[%clk 0:02:13]} Be8 {[%clk 0:02:48]} 21. Rb1
{[%clk 0:02:08]} Qe7 {[%clk 0:02:49]} 22. a4 {[%clk 0:02:08]} Rc8
{[%clk 0:02:46]} 23. Rfe1 {[%clk 0:02:07]} g5 {[%clk 0:02:45]} 24. fxg5
{[%clk 0:01:42]} Bxg5 {[%clk 0:02:45]} 25. Nxg5 {[%clk 0:01:43]} Qxg5
{[%clk 0:02:46]} 26. Qf2 {[%clk 0:01:44]} Qg7 {[%clk 0:02:32]} 27. Qf4
{[%clk 0:01:44]} Qg4 {[%clk 0:02:14]} 28. Qe5 {[%clk 0:01:32]} Bd7
{[%clk 0:01:47]} 29. Qd6 {[%clk 0:01:28]} Qg7 {[%clk 0:01:46]} 30. Rf1
{[%clk 0:01:28]} Rf6 {[%clk 0:01:44]} 31. Rf4 {[%clk 0:01:25]} Rg6
{[%clk 0:01:37]} 32. Rh4 {[%clk 0:00:55]} Be8 {[%clk 0:01:33]} 33. Rf1
{[%clk 0:00:51]} Qc7 {[%clk 0:01:33]} 34. Qxc7 {[%clk 0:00:43]} Rxc7
{[%clk 0:01:34]} 35. Kf2 {[%clk 0:00:39]} Rcg7 {[%clk 0:01:20]} 36. Bf3
{[%clk 0:00:40]} Rg5 {[%clk 0:01:11]} 37. Be2 {[%clk 0:00:39]} Kf8
{[%clk 0:01:10]} 38. Rb1 {[%clk 0:00:38]} Ke7 {[%clk 0:00:52]} 39. b5
{[%clk 0:00:33]} axb5 {[%clk 0:00:52]} 40. axb5 {[%clk 0:00:35]} Kd8
{[%clk 0:00:53]} 41. b6 Bd7 {[%clk 0:00:30]} 42. Ra1 {[%clk 0:00:29]} Bc8
{[%clk 0:00:31]} 43. Ra8 {[%clk 0:00:29]} Kd7 {[%clk 0:00:30]} 44. Ra7
{[%clk 0:00:29]} Kd8 {[%clk 0:00:30]} 45. Rh6 {[%clk 0:00:28]} R5g6
{[%clk 0:00:30]} 46. Rh5 {[%clk 0:00:25]} Re7 {[%clk 0:00:29]} 47. Kf3
{[%clk 0:00:24]} Rgg7 {[%clk 0:00:28]} 48. Kf4 {[%clk 0:00:25]} e5+
{[%clk 0:00:17]} 49. dxe5 {[%clk 0:00:25]} Rg6 {[%clk 0:00:17]} 50. Ra8
{[%clk 0:00:21]} Kd7 {[%clk 0:00:05]} 51. Bd3 {[%clk 0:00:22]} Rf7
{[%clk 0:00:04]} 52. Rxf5 {[%clk 0:00:19]} Rgg7 {[%clk 0:00:03]} 53. e6+
{[%clk 0:00:17]} Kxe6 {[%clk 0:00:03]} 54. Rxc8 {[%clk 0:00:17]} Re7
{[%clk 0:00:04]} 55. Re5+ {[%clk 0:00:15]} Kf6 {[%clk 0:00:05]} 56. Rf8+
{[%clk 0:00:15]} Ref7 {[%clk 0:00:06]} 57. Rf5+ {[%clk 0:00:15]} Ke6
{[%clk 0:00:07]} 58. R8xf7 {[%clk 0:00:14]} Rxf7 {[%clk 0:00:09]} 59. Rxf7
{[%clk 0:00:15]} Kxf7 {[%clk 0:00:10]} 60. Bxh7 {[%clk 0:00:15]} Kf6
{[%clk 0:00:11]} 61. Bd3 {[%clk 0:00:15]} 1-0

[Event "Russian Blitz Team Championship (w)"]
[Site "Sochi"]
[Date "2022.10.17"]
[Round "8.6"]
[White "Kharashuta, Ekaterina"]
[Black "Gunina, Valentina"]
[Result "0-1"]
[BlackElo "2376"]
[WhiteElo "2225"]
[LiveChessVersion "1.4.8"]

1. Nf3 {[%clk 0:03:03]} d5 {[%clk 0:03:03]} 2. g3 {[%clk 0:03:03]} c6
{[%clk 0:03:04]} 3. Bg2 {[%clk 0:03:05]} Bg4 {[%clk 0:03:04]} 4. h3
{[%clk 0:03:03]} Bh5 {[%clk 0:03:02]} 5. d3 {[%clk 0:03:04]} Nd7 {[%clk 0:03:00]}
6. O-O {[%clk 0:03:03]} e5 {[%clk 0:03:00]} 7. e4 {[%clk 0:02:45]} Ngf6
{[%clk 0:03:00]} 8. Nbd2 {[%clk 0:02:35]} Bc5 {[%clk 0:03:00]} 9. Qe2
{[%clk 0:02:35]} O-O {[%clk 0:02:58]} 10. g4 {[%clk 0:02:34]} Bg6
{[%clk 0:02:54]} 11. b3 {[%clk 0:02:28]} Re8 {[%clk 0:02:54]} 12. Bb2
{[%clk 0:02:29]} Qc7 {[%clk 0:02:54]} 13. Nh4 {[%clk 0:02:26]} dxe4
{[%clk 0:02:45]} 14. dxe4 {[%clk 0:02:27]} Nf8 {[%clk 0:02:46]} 15. Nf5
{[%clk 0:02:26]} Ne6 {[%clk 0:02:44]} 16. Nc4 {[%clk 0:02:15]} Nf4
{[%clk 0:02:43]} 17. Qf3 {[%clk 0:02:16]} Nxg2 {[%clk 0:02:41]} 18. Kxg2
{[%clk 0:02:16]} b5 {[%clk 0:02:36]} 19. Nce3 {[%clk 0:02:17]} Rad8
{[%clk 0:02:36]} 20. Rad1 {[%clk 0:02:11]} h6 {[%clk 0:02:26]} 21. h4
{[%clk 0:02:12]} Nh7 {[%clk 0:02:25]} 22. Qg3 {[%clk 0:01:54]} f6
{[%clk 0:02:13]} 23. c4 {[%clk 0:01:53]} Bf7 {[%clk 0:02:04]} 24. cxb5
{[%clk 0:01:49]} cxb5 {[%clk 0:02:04]} 25. Qf3 {[%clk 0:01:34]} Nf8
{[%clk 0:02:01]} 26. Nd5 {[%clk 0:01:31]} Bxd5 {[%clk 0:01:54]} 27. exd5
{[%clk 0:01:28]} Ng6 {[%clk 0:01:53]} 28. Bc1 {[%clk 0:01:21]} e4
{[%clk 0:01:40]} 29. Qg3 Bd6 {[%clk 0:01:35]} 30. Nxd6 {[%clk 0:01:14]} Qxd6
{[%clk 0:01:35]} 31. h5 {[%clk 0:01:10]} Ne7 {[%clk 0:01:24]} 32. Bf4
{[%clk 0:01:10]} Qc5 {[%clk 0:01:16]} 33. d6 {[%clk 0:01:11]} Nd5
{[%clk 0:01:17]} 34. Rc1 {[%clk 0:01:07]} Nxf4+ {[%clk 0:01:16]} 35. Qxf4
{[%clk 0:01:07]} Qxd6 {[%clk 0:01:16]} 36. Qxd6 {[%clk 0:01:06]} Rxd6
{[%clk 0:01:17]} 37. Rc7 {[%clk 0:01:07]} e3 {[%clk 0:00:57]} 38. fxe3
{[%clk 0:00:59]} Rxe3 {[%clk 0:00:57]} 39. Rxa7 {[%clk 0:00:56]} Rd4
{[%clk 0:00:58]} 40. Rc1 {[%clk 0:00:53]} Rxg4+ {[%clk 0:00:57]} 41. Kf2
{[%clk 0:00:52]} Re5 {[%clk 0:01:54]} 42. Rc8+ {[%clk 0:00:52]} Kh7
{[%clk 0:01:55]} 43. a4 {[%clk 0:00:48]} bxa4 {[%clk 0:01:55]} 44. bxa4
{[%clk 0:00:49]} Rxh5 {[%clk 0:01:56]} 0-1

[Event "Russian Blitz Team Championship (w)"]
[Site "Sochi"]
[Date "2022.10.17"]
[Round "8.7"]
[White "Badelka, Olga"]
[Black "Zhapova, Yana"]
[Result "1-0"]
[BlackElo "2120"]
[WhiteElo "2316"]
[LiveChessVersion "1.4.8"]

1. c4 {[%clk 0:03:03]} e6 {[%clk 0:03:03]} 2. Nc3 {[%clk 0:03:04]} d5
{[%clk 0:03:03]} 3. d4 {[%clk 0:03:06]} Nf6 {[%clk 0:03:04]} 4. cxd5
{[%clk 0:03:07]} exd5 {[%clk 0:03:04]} 5. Bg5 {[%clk 0:03:08]} c6
{[%clk 0:03:04]} 6. e3 {[%clk 0:03:09]} h6 {[%clk 0:02:42]} 7. Bh4
{[%clk 0:03:09]} Be7 {[%clk 0:02:41]} 8. Bd3 {[%clk 0:03:09]} Ne4
{[%clk 0:02:38]} 9. Bxe7 {[%clk 0:03:08]} Qxe7 {[%clk 0:02:39]} 10. Bxe4
{[%clk 0:03:00]} dxe4 {[%clk 0:02:39]} 11. f3 {[%clk 0:02:51]} exf3
{[%clk 0:02:26]} 12. Qxf3 {[%clk 0:02:52]} O-O {[%clk 0:02:20]} 13. Nge2
{[%clk 0:02:48]} Be6 {[%clk 0:01:56]} 14. O-O {[%clk 0:02:37]} Nd7
{[%clk 0:01:56]} 15. Ng3 {[%clk 0:02:26]} Rae8 {[%clk 0:01:38]} 16. e4
{[%clk 0:02:24]} Qg5 {[%clk 0:01:22]} 17. Qf4 {[%clk 0:01:42]} Qxf4
{[%clk 0:01:02]} 18. Rxf4 {[%clk 0:01:43]} Nf6 {[%clk 0:01:00]} 19. h3
{[%clk 0:01:36]} Rd8 {[%clk 0:00:59]} 20. Rd1 {[%clk 0:01:36]} Rfe8
{[%clk 0:00:55]} 21. Rf2 {[%clk 0:01:24]} Bc8 {[%clk 0:00:33]} 22. e5
{[%clk 0:01:15]} Nd5 {[%clk 0:00:27]} 23. Nce4 {[%clk 0:01:04]} Re7
{[%clk 0:00:22]} 24. Nd6 {[%clk 0:01:02]} Be6 {[%clk 0:00:21]} 25. Nge4
{[%clk 0:00:58]} b6 {[%clk 0:00:15]} 26. Rc1 {[%clk 0:00:58]} Bd7
{[%clk 0:00:13]} 27. a3 {[%clk 0:00:42]} a5 {[%clk 0:00:07]} 28. Rf3
{[%clk 0:00:42]} Rb8 {[%clk 0:00:06]} 29. Nc3 {[%clk 0:00:29]} Nxc3 30. Rcxc3
{[%clk 0:00:30]} Rf8 {[%clk 0:00:06]} 31. Nc4 {[%clk 0:00:29]} Rb8
{[%clk 0:00:06]} 32. Nd6 {[%clk 0:00:29]} Rf8 {[%clk 0:00:07]} 33. Rce3
{[%clk 0:00:20]} Be6 {[%clk 0:00:07]} 34. Rf2 {[%clk 0:00:17]} Bd5
{[%clk 0:00:08]} 35. Rg3 {[%clk 0:00:14]} Kh8 {[%clk 0:00:07]} 36. Nf5
{[%clk 0:00:15]} Rd7 {[%clk 0:00:06]} 37. Rxg7 {[%clk 0:00:14]} Be4
{[%clk 0:00:05]} 38. Rg4 {[%clk 0:00:09]} Bxf5 39. Rxf5 Kh7 {[%clk 0:00:04]} 40.
Rf6 {[%clk 0:00:10]} c5 {[%clk 0:00:05]} 41. dxc5 {[%clk 0:00:09]} bxc5
{[%clk 0:00:06]} 42. e6 {[%clk 0:00:10]} Rd1+ {[%clk 0:00:05]} 43. Kh2
{[%clk 0:00:12]} Rd6 {[%clk 0:00:03]} 44. e7 {[%clk 0:00:11]} 1-0